[Event "2nd Serbia Open Masters 2022"]
[Site "Novi Sad"]
[Date "2022.07.04"]
[Round "7.29"]
[White "Harshavardhan G B"]
[Black "Chanda, Sandipan"]
[Result "1/2-1/2"]
[WhiteElo "2367"]
[BlackElo "2467"]
[Annotator "TA"]
[PlyCount "76"]
[EventDate "2022.06.28"]
[EventType "swiss"]
[EventCountry "SRB"]
[SourceTitle "playchess.com"]
[Source "ChessBase"]
[SourceQuality "1"]

1. e4 c5 2. Nf3 d6 3. d4 cxd4 4. Nxd4 Nf6 5. Nc3 a6 6. Bg5 e6 7. f4 Qb6 8. Qd3 Qxb2 9. Rb1 Qa3 10. f5 Be7 11. fxe6 Bxe6 12. Rxb7 Nbd7 13. Nd5 Qxd3 14. Nc7+ Kf8 15. cxd3 Nc5 16. Nxa8 Nxb7 17. Nc7 Bxa2 18. Nxa6 h6 19. Bd2 Nc5 20. Nb4 Nb3 21. Ndc6 Nxd2 22. Nxa2 Nxf1 23. Rxf1 Ke8 24. Ke2 Kd7 25. Nxe7 Kxe7 26. Rb1 d5 27. e5 Nd7 28. d4 f6 29. exf6+ Kxf6 30. Nc3 Ke6 31. Rb5 Nf6 32. Rb6+ Kf5 33. Rd6 Rc8 34. Nxd5 Nxd5 35. Rxd5+ Ke4 36. Re5+ Kxd4 37. Re6 Rf8 38. Re7 g5 1/2-1/2

[Event "2nd Serbia Open Masters 2022"]
[Site "Novi Sad"]
[Date "2022.07.04"]
[Round "7.30"]
[White "Parkhov, Yair"]
[Black "Anuj Shrivatri"]
[Result "1-0"]
[WhiteElo "2460"]
[BlackElo "2356"]
[Annotator "TA"]
[PlyCount "107"]
[EventDate "2022.06.28"]
[EventType "swiss"]
[EventCountry "SRB"]
[SourceTitle "playchess.com"]
[Source "ChessBase"]
[SourceQuality "1"]

1. d4 Nf6 2. c4 g6 3. Nc3 Bg7 4. e4 d6 5. Be2 O-O 6. h4 c5 7. d5 e6 8. h5 exd5 9. exd5 Re8 10. h6 Bh8 11. Bg5 Qb6 12. b3 Ne4 13. Nxe4 Rxe4 14. Kf1 Nd7 15. Nf3 Re8 16. Rc1 Ne5 17. g3 Nxf3 18. Bxf3 Bd4 19. Kg2 f6 20. Bf4 Bd7 21. g4 Be5 22. Qd2 a5 23. Rb1 Re7 24. a3 Rae8 25. b4 axb4 26. axb4 Bxf4 27. Qxf4 cxb4 28. Rb2 Kf7 29. Rhb1 Qc5 30. Rxb4 Ra8 31. Rxb7 Ra2 32. R1b2 Rxb2 33. Rxb2 g5 34. Qc1 Qd4 35. Rd2 Qf4 36. Rd1 Qxc1 37. Rxc1 f5 38. Kg3 f4+ 39. Kg2 Kg6 40. Rb1 Rf7 41. Rb6 Rf6 42. Be4+ Kxh6 43. Rb7 Rf7 44. Bf5 Be6 45. Rb6 Bxf5 46. gxf5 g4 47. c5 f3+ 48. Kh2 Kg5 49. Rxd6 h5 50. c6 Ra7 51. Rd8 h4 52. f6 Kf4 53. Rg8 Rh7 54. Rxg4+ 1-0

[Event "2nd Serbia Open Masters 2022"]
[Site "Novi Sad"]
[Date "2022.07.04"]
[Round "7.31"]
[White "Tsolakidou, Stavroula"]
[Black "Rozen, Eytan"]
[Result "1-0"]
[WhiteElo "2358"]
[BlackElo "2425"]
[Annotator "TA"]
[PlyCount "67"]
[EventDate "2022.06.28"]
[EventType "swiss"]
[EventCountry "SRB"]
[SourceTitle "playchess.com"]
[Source "ChessBase"]
[SourceQuality "1"]

1. e4 e6 2. d4 d5 3. e5 c5 4. c3 Nc6 5. Nf3 Nge7 6. Bd3 Bd7 7. O-O cxd4 8. cxd4 Qb6 9. Bc2 Nb4 10. Nc3 Nxc2 11. Qxc2 Rc8 12. Qd2 Nf5 13. Rd1 Bb4 14. g4 Ne7 15. Qe3 Qa6 16. Bd2 O-O 17. Ne2 Bxd2 18. Rxd2 Ng6 19. h4 f5 20. exf6 Rxf6 21. Ne5 Nxe5 22. dxe5 Rf7 23. Nd4 Qb6 24. f4 Rcf8 25. Rf1 Bb5 26. Rff2 Rc7 27. f5 exf5 28. gxf5 Be8 29. Kh2 Re7 30. Qg3 Kh8 31. Rg2 Qh6 32. Rdf2 Bd7 33. f6 gxf6 34. Rxf6 1-0

[Event "2nd Serbia Open Masters 2022"]
[Site "Novi Sad"]
[Date "2022.07.04"]
[Round "7.32"]
[White "Padmini, Rout"]
[Black "Milikow, Yoav"]
[Result "1-0"]
[WhiteElo "2348"]
[BlackElo "2410"]
[Annotator "TA"]
[PlyCount "137"]
[EventDate "2022.06.28"]
[EventType "swiss"]
[EventCountry "SRB"]
[SourceTitle "playchess.com"]
[Source "ChessBase"]
[SourceQuality "1"]

1. e4 e5 2. Nf3 Nc6 3. Bb5 Nf6 4. O-O Nxe4 5. d4 Nd6 6. Bxc6 dxc6 7. dxe5 Nf5 8. Qxd8+ Kxd8 9. Nc3 Bd7 10. b3 Be7 11. h3 Nh4 12. Nd4 Kc8 13. Bb2 c5 14. Nde2 Bc6 15. Nf4 Bg5 16. Nfd5 Re8 17. f4 Bd8 18. Ne3 f6 19. Ncd5 b5 20. c4 bxc4 21. bxc4 Rb8 22. Bc3 Bd7 23. exf6 gxf6 24. Rae1 f5 25. Bf6 Re6 26. Bxd8 Kxd8 27. Rf2 c6 28. Nc3 Kc7 29. Rd2 Rbe8 30. Kf2 Ng6 31. g3 h5 32. h4 Bc8 33. Na4 Rg8 34. Nxc5 Re7 35. Rb1 Nf8 36. Nxf5 Re8 37. Nd4 Nh7 38. f5 Kd6 39. Nce6 Ke5 40. Re1+ Kf6 41. Rde2 Ba6 42. Nf4 Rxe2+ 43. Rxe2 Bxc4 44. Nxh5+ Kf7 45. Rc2 Bd5 46. Nxc6 Re8 47. Nd4 Kg8 48. Rc7 Bf7 49. Nf4 Nf6 50. Nfe6 Rb8 51. Rxa7 Bh5 52. Ke3 Rb2 53. Kf4 Be8 54. Ke5 Nd7+ 55. Kd6 Nb6 56. Rg7+ Kh8 57. f6 Rf2 58. Ke7 Bh5 59. Rg5 Bd1 60. f7 Nc8+ 61. Kd8 Rxf7 62. Kxc8 Ra7 63. Kd8 Rxa2 64. Ke7 Ra7+ 65. Kf6 Ra6 66. Rc5 Bg4 67. Nf5 Kh7 68. Rc4 Bh3 69. g4 1-0

[Event "2nd Serbia Open Masters 2022"]
[Site "Novi Sad"]
[Date "2022.07.04"]
[Round "7.33"]
[White "Chitlange Sakshi"]
[Black "Srbis, Jurica"]
[Result "0-1"]
[WhiteElo "2216"]
[BlackElo "2451"]
[Annotator "TA"]
[PlyCount "74"]
[EventDate "2022.06.28"]
[EventType "swiss"]
[EventCountry "SRB"]
[SourceTitle "playchess.com"]
[Source "ChessBase"]
[SourceQuality "1"]

1. d4 Nf6 2. c4 e6 3. Nf3 Bb4+ 4. Bd2 Qe7 5. g3 Nc6 6. Bg2 Bxd2+ 7. Nbxd2 d6 8. O-O a5 9. e4 e5 10. d5 Nb8 11. Ne1 h5 12. Nd3 h4 13. Qe2 Na6 14. Rac1 b6 15. b3 Nc5 16. a3 hxg3 17. hxg3 Bg4 18. Qe3 Bd7 19. Rfd1 Ng4 20. Qe2 Qg5 21. Nxc5 bxc5 22. Nf1 Rh6 23. f3 Nf6 24. Qe3 Qg6 25. Rd2 Nh5 26. Kf2 f5 27. exf5 Bxf5 28. Re1 Kf8 29. g4 Nf4 30. Kg1 Bd3 31. Ng3 a4 32. Bf1 Bxf1 33. Rxf1 Qg5 34. Qe1 Rh3 35. Rh2 Rxh2 36. Kxh2 Qh4+ 37. Kg1 Nd3 0-1

[Event "2nd Serbia Open Masters 2022"]
[Site "Novi Sad"]
[Date "2022.07.04"]
[Round "7.34"]
[White "Souhardo Basak"]
[Black "Badelka, Olga"]
[Result "1/2-1/2"]
[WhiteElo "2357"]
[BlackElo "2453"]
[Annotator "TA"]
[PlyCount "97"]
[EventDate "2022.06.28"]
[EventType "swiss"]
[EventCountry "SRB"]
[SourceTitle "playchess.com"]
[Source "ChessBase"]
[SourceQuality "1"]

1. e4 e5 2. Nf3 Nc6 3. Bb5 Nf6 4. d3 d6 5. O-O a6 6. Bxc6+ bxc6 7. Re1 c5 8. c3 Be7 9. d4 cxd4 10. cxd4 exd4 11. Nxd4 Bd7 12. Qf3 O-O 13. Nc3 Re8 14. Nf5 Bxf5 15. Qxf5 Qc8 16. Qf3 Qb7 17. b3 Nd7 18. Bf4 Bf6 19. Rad1 Bxc3 20. Qxc3 Nc5 21. f3 a5 22. Be3 Ne6 23. Rd5 Qb4 24. Bd2 Qxc3 25. Bxc3 a4 26. b4 f6 27. g3 Kf7 28. f4 Ke7 29. Red1 Red8 30. b5 Rab8 31. Bb4 c5 32. Ba5 Rd7 33. e5 Rxb5 34. exd6+ Kf7 35. Be1 Rb6 36. Bf2 Rc6 37. f5 Nd4 38. Bxd4 Rcxd6 39. Rxc5 Rxd4 40. Rxd4 Rxd4 41. Rc7+ Kf8 42. a3 h5 43. Ra7 Rc4 44. Kg2 Kg8 45. h4 Kh7 46. Kh3 Kh6 47. Ra8 g5 48. fxg6 Kxg6 49. Ra5 1/2-1/2

[Event "2nd Serbia Open Masters 2022"]
[Site "Novi Sad"]
[Date "2022.07.04"]
[Round "7.35"]
[White "Perunovic, Miodrag"]
[Black "Piorun, Kacper"]
[Result "0-1"]
[WhiteElo "2413"]
[BlackElo "2635"]
[Annotator "TA"]
[PlyCount "60"]
[EventDate "2022.06.28"]
[EventType "swiss"]
[EventCountry "SRB"]
[SourceTitle "playchess.com"]
[Source "ChessBase"]
[SourceQuality "1"]

1. e4 c5 2. Nc3 Nc6 3. Bb5 Nd4 4. Nf3 a6 5. Bd3 g6 6. O-O Bg7 7. Re1 e6 8. e5 Qc7 9. Rb1 Nc6 10. Be4 Nxe5 11. d4 cxd4 12. Nxd4 Nf6 13. Bf4 Nh5 14. Bg5 O-O 15. g3 h6 16. Be7 Re8 17. Bh4 d5 18. Bg2 Bd7 19. h3 Nc4 20. g4 Nf6 21. Bg3 Qc5 22. Nb3 Qb6 23. Qe2 Rac8 24. Qd3 Nh7 25. Nd1 Bb5 26. Qf3 a5 27. Bf4 a4 28. Nd2 Nxd2 29. Bxd2 Rxc2 30. Bc3 Ng5 0-1

[Event "2nd Serbia Open Masters 2022"]
[Site "Novi Sad"]
[Date "2022.07.04"]
[Round "7.37"]
[White "Amartuvshin, Ganzorig"]
[Black "Mendonca, Leon Luke"]
[Result "0-1"]
[WhiteElo "2350"]
[BlackElo "2551"]
[Annotator "TA"]
[PlyCount "126"]
[EventDate "2022.06.28"]
[EventType "swiss"]
[EventCountry "SRB"]
[SourceTitle "playchess.com"]
[Source "ChessBase"]
[SourceQuality "1"]

1. d4 Nf6 2. c4 e6 3. Nf3 b6 4. a3 Bb7 5. Nc3 d5 6. cxd5 Nxd5 7. Qc2 Be7 8. e4 Nxc3 9. bxc3 O-O 10. Bd3 c5 11. O-O Qc8 12. Qe2 Ba6 13. Rd1 Re8 14. Ne5 cxd4 15. Bxa6 Nxa6 16. cxd4 f6 17. Nd3 Qb7 18. Nf4 Bf8 19. Rd3 Rac8 20. Nh5 Nb8 21. Bb2 Qf7 22. Rad1 Nc6 23. h4 Ne7 24. Nf4 Ng6 25. Nxg6 hxg6 26. e5 fxe5 27. dxe5 Qf5 28. Rf3 Qc2 29. Rd2 Qc4 30. Qxc4 Rxc4 31. Rd7 Rc2 32. Bc3 Bc5 33. Be1 Rf8 34. Rxf8+ Kxf8 35. Rxa7 Ra2 36. Kf1 Rxa3 37. Rb7 Ra2 38. g4 Bd4 39. f4 Bc5 40. Rb8+ Kf7 41. Rb7+ Kf8 42. Rb8+ Kf7 43. Rb7+ Kf8 44. g5 Ra4 45. Bd2 Ra2 46. Ke1 Ra1+ 47. Ke2 Rh1 48. Be1 Rh3 49. Ra7 Re3+ 50. Kd1 Rf3 51. Ra4 Ra3 52. Rc4 Ke8 53. Bc3 Kd7 54. Kc2 Kc6 55. Kb2 Ra8 56. Kb3 b5 57. Re4 Ra3+ 58. Kc2 Ra4 59. Rxa4 bxa4 60. Ba5 Be3 61. Bd8 Bxf4 62. h5 gxh5 63. Bf6 g6 0-1

[Event "2nd Serbia Open Masters 2022"]
[Site "Novi Sad"]
[Date "2022.07.04"]
[Round "7.39"]
[White "Ferreira, Jorge Viterbo"]
[Black "Pasti, Aron"]
[Result "1-0"]
[WhiteElo "2512"]
[BlackElo "2380"]
[Annotator "TA"]
[PlyCount "75"]
[EventDate "2022.06.28"]
[EventType "swiss"]
[EventCountry "SRB"]
[SourceTitle "playchess.com"]
[Source "ChessBase"]
[SourceQuality "1"]

1. e4 e5 2. Nf3 Nc6 3. Bb5 a6 4. Ba4 Nf6 5. O-O Be7 6. Re1 b5 7. Bb3 d6 8. c3 O-O 9. h3 Na5 10. Bc2 c5 11. d4 Qc7 12. d5 Nd7 13. b3 Re8 14. Be3 Bf8 15. Nfd2 Nb6 16. Qe2 f5 17. exf5 Nxd5 18. c4 Nxe3 19. fxe3 b4 20. Be4 Bb7 21. Qg4 Be7 22. Bxb7 Qxb7 23. Ne4 Rf8 24. Nbd2 Rad8 25. Rf1 Kh8 26. Rf3 Rf7 27. Qh5 Rdf8 28. h4 d5 29. cxd5 Qxd5 30. Raf1 h6 31. Ng5 Bxg5 32. hxg5 e4 33. R3f2 Qd3 34. Qh3 Nc6 35. f6 Ne5 36. fxg7+ Kxg7 37. Qxh6+ Kg8 38. g6 1-0

[Event "2nd Serbia Open Masters 2022"]
[Site "Novi Sad"]
[Date "2022.07.04"]
[Round "7.40"]
[White "Drnovsek, Gal"]
[Black "Petkov, Momchil"]
[Result "1-0"]
[WhiteElo "2398"]
[BlackElo "2494"]
[Annotator "TA"]
[PlyCount "169"]
[EventDate "2022.06.28"]
[EventType "swiss"]
[EventCountry "SRB"]
[SourceTitle "playchess.com"]
[Source "ChessBase"]
[SourceQuality "1"]

1. c4 e5 2. g3 c6 3. Nf3 e4 4. Nd4 d5 5. cxd5 Qxd5 6. Nc2 Nf6 7. Nc3 Qe5 8. Bg2 Na6 9. Ne3 Bc5 10. Qc2 Bxe3 11. fxe3 Bf5 12. O-O O-O 13. a3 Rad8 14. b4 Rfe8 15. Bb2 Qe6 16. Na4 Nd5 17. Bd4 Bh3 18. Bxa7 h5 19. Qc1 Bxg2 20. Kxg2 Qg4 21. Qe1 Nac7 22. Qf2 f6 23. Bd4 Ne6 24. h3 Qg6 25. Bb2 Ne7 26. Rad1 Rd5 27. Kh2 Red8 28. Bc1 Rf5 29. Qg2 Rg5 30. Nc3 f5 31. Qf2 h4 32. gxh4 Rh5 33. d3 Qh6 34. dxe4 Rxd1 35. Nxd1 Rxh4 36. Qg3 fxe4 37. Nf2 Ng5 38. Rg1 Rh5 39. Qg4 Nf5 40. Rg2 Nh4 41. Rg3 Qf6 42. Qf4 Nf5 43. Rg2 b5 44. Rg1 Qh6 45. Qg4 Qd6+ 46. Qf4 Qh6 47. Qg4 Qd6+ 48. Kh1 g6 49. Kg2 Qe7 50. Kh1 Kh7 51. Rd1 Rh4 52. Qg2 Kh6 53. Rg1 Rh5 54. Ng4+ Kh7 55. Nf2 Qe6 56. Qg4 Qf6 57. Qg2 Nd6 58. Rf1 Qe6 59. Kh2 Nf5 60. Rd1 Qe5+ 61. Kg1 Qe6 62. Qg4 Kh6 63. Qg2 Kh7 64. Qg4 Kh6 65. Qg2 Rh4 66. Rd8 Qf6 67. Rd7 Qa1 68. Rd1 Qc3 69. Bd2 Qb2 70. Ng4+ Kh5 71. Nf2 Kh6 72. Ng4+ Kh5 73. Nf2 Qc2 74. Kh2 Qc4 75. Rg1 Ng3 76. Qxg3 Qd5 77. Bc3 Qf5 78. Rg2 Nf7 79. Ng4 g5 80. Rf2 Qe6 81. Kg2 Qc4 82. Bd4 Qe6 83. Rf6 Qc4 84. Qf2 c5 85. bxc5 1-0

[Event "2nd Serbia Open Masters 2022"]
[Site "Novi Sad"]
[Date "2022.07.04"]
[Round "7.41"]
[White "Tomazini, Zan"]
[Black "Makhnev, Denis"]
[Result "0-1"]
[WhiteElo "2359"]
[BlackElo "2505"]
[Annotator "TA"]
[PlyCount "114"]
[EventDate "2022.06.28"]
[EventType "swiss"]
[EventCountry "SRB"]
[SourceTitle "playchess.com"]
[Source "ChessBase"]
[SourceQuality "1"]

1. e4 e5 2. Nf3 Nc6 3. Bc4 Bc5 4. d3 Nf6 5. Bb3 O-O 6. h3 a5 7. c3 d5 8. exd5 Nxd5 9. O-O Nb6 10. Nxe5 Nxe5 11. d4 Bxd4 12. cxd4 Nec4 13. Nc3 Be6 14. Re1 c6 15. Bc2 Re8 16. b3 Nd6 17. Bf4 Nd5 18. Nxd5 Bxd5 19. Re5 f6 20. Rxe8+ Nxe8 21. Qd3 g6 22. Re1 Ng7 23. Qe3 Ne6 24. Bg3 Qd7 25. h4 Re8 26. Qd2 b6 27. h5 Kg7 28. Re3 Ng5 29. hxg6 Rxe3 30. Qxe3 hxg6 31. f3 Qd8 32. Qf4 Ne6 33. Qg4 Qe8 34. Bh4 b5 35. Bf2 b4 36. f4 Nc7 37. f5 g5 38. Bd3 Nb5 39. Bxb5 cxb5 40. Qg3 Qe7 41. Qb8 a4 42. Qxb5 Qe4 43. Qf1 axb3 44. axb3 Bxb3 45. Qe1 Qb7 46. d5 Bxd5 47. Bd4 b3 48. Qe3 Kf7 49. Qe2 Qc6 50. Qh5+ Ke7 51. Qe2+ Kf8 52. Qb2 Kf7 53. Qa3 Qd7 54. g4 Qc7 55. Bf2 Qf4 56. Qa7+ Kg8 57. Qd4 Qc1+ 0-1

[Event "2nd Serbia Open Masters 2022"]
[Site "Novi Sad"]
[Date "2022.07.04"]
[Round "7.42"]
[White "Wagh Suyog"]
[Black "Greenfeld, Alon"]
[Result "0-1"]
[WhiteElo "2352"]
[BlackElo "2503"]
[Annotator "TA"]
[PlyCount "82"]
[EventDate "2022.06.28"]
[EventType "swiss"]
[EventCountry "SRB"]
[SourceTitle "playchess.com"]
[Source "ChessBase"]
[SourceQuality "1"]

1. d4 d5 2. c4 dxc4 3. Nf3 a6 4. e3 Bg4 5. Bxc4 e6 6. Nc3 Nc6 7. a3 Nf6 8. h3 Bh5 9. g4 Bg6 10. Nh4 Bd6 11. Nxg6 hxg6 12. f4 Nd5 13. Qf3 Nb6 14. Be2 g5 15. f5 e5 16. d5 Na5 17. Bd1 Qe7 18. Qe4 c5 19. dxc6 Nxc6 20. Bf3 Rc8 21. Bd2 O-O 22. h4 gxh4 23. g5 Qxg5 24. Kf2 Be7 25. Rag1 Qh6 26. Qg4 Na5 27. Ke2 Rfd8 28. Qh5 Qxh5 29. Bxh5 Nbc4 30. Be1 Nb3 31. Ne4 Kf8 32. Rg4 Nc1+ 33. Kf3 Rd3 34. Bf2 Nd2+ 35. Nxd2 Rxd2 36. Rhg1 Nd3 37. Bxh4 Bxh4 38. Rxh4 Rf2+ 39. Ke4 Rc4+ 40. Kxd3 Rxh4 41. Bd1 Rxb2 0-1

[Event "2nd Serbia Open Masters 2022"]
[Site "Novi Sad"]
[Date "2022.07.04"]
[Round "7.43"]
[White "Jain Kashish Manoj"]
[Black "Raja Harshit"]
[Result "0-1"]
[WhiteElo "2271"]
[BlackElo "2479"]
[Annotator "TA"]
[PlyCount "60"]
[EventDate "2022.06.28"]
[EventType "swiss"]
[EventCountry "SRB"]
[SourceTitle "playchess.com"]
[Source "ChessBase"]
[SourceQuality "1"]

1. e4 c5 2. Nf3 d6 3. d4 cxd4 4. Nxd4 Nf6 5. Nc3 a6 6. Be3 e6 7. Be2 Be7 8. O-O O-O 9. f4 e5 10. fxe5 dxe5 11. Nf5 Bxf5 12. Rxf5 Nbd7 13. Kh1 Rc8 14. Qf1 Bb4 15. Bg5 Bxc3 16. bxc3 Rxc3 17. Bd3 Qc7 18. Qf3 Ne8 19. Bd2 Rc6 20. Rf1 Nd6 21. Rg5 f6 22. Rg3 Rf7 23. Qh5 Nc5 24. Rh3 g6 25. Qg4 Qd7 26. Qh4 f5 27. exf5 Nxf5 28. Bxf5 Qxd2 29. Qc4 gxf5 30. Rxh7 Ne6 0-1

[Event "2nd Serbia Open Masters 2022"]
[Site "Novi Sad"]
[Date "2022.07.04"]
[Round "7.44"]
[White "Suleymenov, Alisher"]
[Black "Ostovic, Matija"]
[Result "1/2-1/2"]
[WhiteElo "2445"]
[BlackElo "2391"]
[Annotator "TA"]
[PlyCount "92"]
[EventDate "2022.06.28"]
[EventType "swiss"]
[EventCountry "SRB"]
[SourceTitle "playchess.com"]
[Source "ChessBase"]
[SourceQuality "1"]

1. e4 c5 2. Nf3 d6 3. d4 cxd4 4. Nxd4 Nf6 5. Nc3 a6 6. Be3 e5 7. Nb3 Be6 8. f3 h5 9. Qd2 Nbd7 10. Be2 Rc8 11. Rc1 Nb6 12. O-O d5 13. exd5 Nbxd5 14. Nxd5 Qxd5 15. Rfd1 Qxd2 16. Rxd2 Nd5 17. Bf2 Nb4 18. Na5 b5 19. a3 Nd5 20. Bf1 Bc5 21. Re1 Bxf2+ 22. Kxf2 f6 23. c4 bxc4 24. Bxc4 Nc7 25. Rc1 Nb5 26. Bxb5+ axb5 27. Rxc8+ Bxc8 28. Rc2 Bd7 29. Ke3 Ke7 30. Ke4 Ke6 31. Nb7 f5+ 32. Kd3 Bc8 33. Rc7 g5 34. h3 g4 35. hxg4 hxg4 36. fxg4 fxg4 37. Ke4 g3 38. Kf3 Rg8 39. b4 Kd5 40. Nc5 Kd4 41. Nb3+ Kd3 42. Nc1+ Kd4 43. Ne2+ Kd3 44. Nc1+ Kd4 45. Nb3+ Kd3 46. Nc5+ Kd4 1/2-1/2

[Event "2nd Serbia Open Masters 2022"]
[Site "Novi Sad"]
[Date "2022.07.04"]
[Round "7.45"]
[White "Makridis, Dimitrios"]
[Black "Nitish Belurkar"]
[Result "1-0"]
[WhiteElo "2082"]
[BlackElo "2452"]
[Annotator "TA"]
[PlyCount "121"]
[EventDate "2022.06.28"]
[EventType "swiss"]
[EventCountry "SRB"]
[SourceTitle "playchess.com"]
[Source "ChessBase"]
[SourceQuality "1"]

1. e4 e6 2. d4 d5 3. Nc3 Nf6 4. e5 Nfd7 5. f4 c5 6. Nf3 Nc6 7. Be3 Be7 8. Be2 a6 9. Qd2 b5 10. O-O O-O 11. Nd1 b4 12. Nf2 a5 13. c3 Bb7 14. g4 f6 15. Nd3 c4 16. exf6 Nxf6 17. Nde5 Ne4 18. Qc2 Rc8 19. Nxc6 Bxc6 20. Ne5 Ba8 21. g5 Nd6 22. Bg4 Nf5 23. Rae1 Qe8 24. Bc1 Bc6 25. Nxc6 Rxc6 26. Re5 Qd7 27. Rfe1 Bd8 28. Qe2 Kf7 29. Qf3 Bc7 30. R5e2 Kg8 31. Qf2 Rb6 32. h4 Ra6 33. h5 Rc6 34. Qf3 Rb6 35. Qh3 Ra6 36. g6 h6 37. Bxf5 exf5 38. Re7 Qd8 39. Qe3 Raf6 40. Re8 Rxe8 41. Qxe8+ Rf8 42. Qxd8 Bxd8 43. Re5 Bf6 44. Rxd5 Ra8 45. Rc5 Kf8 46. Kf2 Ke7 47. Rxc4 Ke6 48. Kf3 Ra6 49. Be3 bxc3 50. bxc3 Ra8 51. Ra4 Bd8 52. c4 Kd6 53. Ke2 Bf6 54. Kd3 Kc6 55. d5+ Kb7 56. Bd4 Bxd4 57. Kxd4 Re8 58. Rxa5 Re4+ 59. Kc5 Rxf4 60. d6 Rh4 61. Ra7+ 1-0

[Event "2nd Serbia Open Masters 2022"]
[Site "Novi Sad"]
[Date "2022.07.04"]
[Round "7.46"]
[White "Prraneeth Vuppala"]
[Black "Aizenberg, Benny"]
[Result "1/2-1/2"]
[WhiteElo "2447"]
[BlackElo "2370"]
[Annotator "TA"]
[PlyCount "70"]
[EventDate "2022.06.28"]
[EventType "swiss"]
[EventCountry "SRB"]
[SourceTitle "playchess.com"]
[Source "ChessBase"]
[SourceQuality "1"]

1. d4 Nf6 2. c4 g6 3. h4 Bg7 4. Nc3 c5 5. d5 e6 6. dxe6 fxe6 7. Qd6 Nc6 8. Bg5 h6 9. Bf4 Qa5 10. Qd3 O-O 11. Nf3 d5 12. Bd2 d4 13. Ne4 Qb6 14. Nxf6+ Rxf6 15. g4 Qxb2 16. Rb1 Qxa2 17. Bg2 e5 18. Ng5 hxg5 19. hxg5 Rd6 20. Bd5+ Be6 21. Qxg6 Bxd5 22. Qh7+ Kf8 23. cxd5 Ne7 24. Rxb7 Rb6 25. Rxb6 axb6 26. f4 exf4 27. d6 Ng6 28. Qxg6 Qa1+ 29. Kf2 Qxh1 30. Qf5+ Kg8 31. Bxf4 Rf8 32. Qe6+ Kh8 33. Kg3 Qg1+ 34. Kh3 Qf1+ 35. Kh4 Qxf4 1/2-1/2

[Event "2nd Serbia Open Masters 2022"]
[Site "Novi Sad"]
[Date "2022.07.04"]
[Round "7.47"]
[White "Shyaamnikhil P"]
[Black "Spasic, Petar"]
[Result "1-0"]
[WhiteElo "2443"]
[BlackElo "2336"]
[Annotator "TA"]
[PlyCount "111"]
[EventDate "2022.06.28"]
[EventType "swiss"]
[EventCountry "SRB"]
[SourceTitle "playchess.com"]
[Source "ChessBase"]
[SourceQuality "1"]

1. Nf3 Nf6 2. g3 c5 3. Bg2 Nc6 4. O-O e5 5. e4 Be7 6. d3 O-O 7. Nc3 d6 8. h3 Rb8 9. Nh2 b5 10. f4 b4 11. Ne2 Ne8 12. c4 bxc3 13. bxc3 Nc7 14. Ng4 exf4 15. gxf4 f5 16. exf5 d5 17. Ng3 Bh4 18. Qf3 Bxg3 19. Qxg3 Bxf5 20. Ba3 Ne6 21. Rae1 Kh8 22. Bc1 Rb6 23. Kh2 d4 24. Be4 Ne7 25. c4 Ng6 26. Rf2 Bxe4 27. Rxe4 Nh4 28. Rfe2 Nf5 29. Qe1 Nc7 30. Ba3 Qd6 31. Re5 Rc6 32. R2e4 Kg8 33. Qa5 Ra6 34. Qxc5 Qxc5 35. Bxc5 Rxa2+ 36. Re2 Rxe2+ 37. Rxe2 Ra8 38. Re5 g6 39. Nf6+ Kg7 40. Ne4 Ne8 41. Ng3 Nh4 42. Re7+ Kg8 43. Bxa7 Nd6 44. Ne4 Nxe4 45. dxe4 d3 46. Rd7 Nf3+ 47. Kg2 Nd2 48. Rxd3 Nxe4 49. Rd7 Rc8 50. Rd4 Nc3 51. Kf3 Kf7 52. Ke3 Ke6 53. Kd3 Na4 54. Re4+ Kf5 55. Bd4 Rd8 56. Ke3 1-0

[Event "2nd Serbia Open Masters 2022"]
[Site "Novi Sad"]
[Date "2022.07.04"]
[Round "7.48"]
[White "Agmanov, Zhandos"]
[Black "Rohith Krishna S"]
[Result "0-1"]
[WhiteElo "2420"]
[BlackElo "2337"]
[Annotator "TA"]
[PlyCount "132"]
[EventDate "2022.06.28"]
[EventType "swiss"]
[EventCountry "SRB"]
[SourceTitle "playchess.com"]
[Source "ChessBase"]
[SourceQuality "1"]

1. e4 e5 2. Nf3 Nc6 3. Bb5 a6 4. Ba4 Nf6 5. O-O Be7 6. d3 b5 7. Bb3 d6 8. Bd2 O-O 9. h3 Rb8 10. Re1 h6 11. c3 Na5 12. Bc2 c5 13. Bc1 Qc7 14. Nbd2 Re8 15. Nf1 Bf8 16. Ng3 g6 17. Bd2 Nc6 18. Nh2 h5 19. Nf3 Nh7 20. Ng5 Nxg5 21. Bxg5 Bg7 22. Qd2 Be6 23. Bh6 Bf6 24. Rf1 Qd8 25. f4 exf4 26. Bxf4 Rc8 27. Be3 b4 28. Ne2 bxc3 29. bxc3 Bg7 30. Bh6 Bh8 31. Bg5 Qa5 32. Bf6 Bxf6 33. Rxf6 Nd4 34. Nf4 c4 35. Rf1 Qg5 36. cxd4 Qxf6 37. e5 Qg5 38. h4 Qxh4 39. d5 Bxd5 40. Nxd5 Qd4+ 41. Qf2 Qxd5 42. dxc4 Qc5 43. exd6 Red8 44. Qxc5 Rxc5 45. Rd1 Rxc4 46. Bb3 Rb4 47. d7 Kf8 48. Rd5 Ke7 49. Re5+ Kxd7 50. Bxf7 Rb6 51. Bb3 Rf8 52. Ba4+ Kd6 53. Rg5 Ke7 54. Bb3 Rd8 55. Re5+ Kf6 56. Re3 Rd4 57. Rf3+ Ke5 58. Re3+ Re4 59. Rg3 Rd6 60. Bc2 Rg4 61. Re3+ Kf4 62. Re2 Kg5 63. Bb3 Rgd4 64. Re5+ Kh6 65. Rc5 Rd2 66. Bc2 R6d4 0-1

[Event "2nd Serbia Open Masters 2022"]
[Site "Novi Sad"]
[Date "2022.07.04"]
[Round "7.49"]
[White "Samant Aditya S"]
[Black "Adarsh Tripathi"]
[Result "1-0"]
[WhiteElo "2433"]
[BlackElo "2179"]
[Annotator "TA"]
[PlyCount "58"]
[EventDate "2022.06.28"]
[EventType "swiss"]
[EventCountry "SRB"]
[SourceTitle "playchess.com"]
[Source "ChessBase"]
[SourceQuality "1"]

1. e4 c5 2. Nf3 d6 3. d4 cxd4 4. Nxd4 Nf6 5. Nc3 Nc6 6. Bg5 e6 7. Qd2 a6 8. O-O-O Bd7 9. f4 Be7 10. Nf3 b5 11. Bxf6 gxf6 12. Kb1 Qb6 13. Bd3 h5 14. Rhe1 O-O-O 15. a4 b4 16. Nd5 exd5 17. exd5 Ne5 18. fxe5 fxe5 19. a5 Qxa5 20. Re4 Rdg8 21. Rxb4 Bd8 22. Nxe5 dxe5 23. Qc3+ Bc7 24. d6 Be6 25. Bxa6+ Kd7 26. Bb5+ Kd8 27. dxc7+ Ke7 28. Qc5+ Kf6 29. Ra4 Re8 1-0

[Event "2nd Serbia Open Masters 2022"]
[Site "Novi Sad"]
[Date "2022.07.04"]
[Round "7.51"]
[White "Gan-Erdene, Sugar"]
[Black "Milosevic, Milos"]
[Result "1-0"]
[WhiteElo "2419"]
[BlackElo "2288"]
[Annotator "TA"]
[PlyCount "77"]
[EventDate "2022.06.28"]
[EventType "swiss"]
[EventCountry "SRB"]
[SourceTitle "playchess.com"]
[Source "ChessBase"]
[SourceQuality "1"]

1. d4 Nf6 2. c4 d6 3. Nf3 Nbd7 4. Nc3 e5 5. g3 Be7 6. Bg2 O-O 7. O-O c6 8. e4 a6 9. Qc2 b5 10. Rd1 Qc7 11. b3 Bb7 12. Bb2 Rfe8 13. Rac1 Rac8 14. h3 Qb8 15. Ba1 Bf8 16. dxe5 Nxe5 17. c5 Nxf3+ 18. Bxf3 dxc5 19. e5 Rxe5 20. Ne4 Rxe4 21. Bxe4 Nxe4 22. Qxe4 Re8 23. Qf3 Qc7 24. Re1 Rxe1+ 25. Rxe1 Bc8 26. Be5 Qa5 27. Rd1 Qb6 28. Bd6 Be6 29. Bxf8 Kxf8 30. Rd6 Ke7 31. Rxc6 Qa5 32. Rxc5 Qxa2 33. Rc7+ Kd8 34. Qf4 Qb1+ 35. Kh2 Bd7 36. Ra7 Qd1 37. Qg5+ Kc8 38. Qc5+ Kd8 39. Ra8+ 1-0